| 000 | 01521nam a2200301 a 4500 | ||
|---|---|---|---|
| 001 | 000045208 | ||
| 003 | DO-SdBNP | ||
| 005 | 20260321073643.0 | ||
| 008 | 150210s 2013 dr ac 000 0 spa d | ||
| 040 |
_aDO-SdBNP _bspa _cBNPHU |
||
| 082 |
_aBNPHU PD RD868.44 _bB742P |
||
| 100 | 1 |
_aPérez, Odalís _d1952- _923828 |
|
| 245 | 1 | 0 |
_aJuan Bosch : _bnarrativa histórica, escritura de la historia / _cOdalís G. Pérez. |
| 260 |
_aSanto Domingo : _b[s. n.], _c2013. |
||
| 300 |
_a141 p. : _bil., retrs. ; _c19 cm. |
||
| 500 | _aIncluye referencias bibliográficas y notas al pie de las páginas. | ||
| 500 | _aIncluye datos biográficos del autor en las solapas | ||
| 500 | _aIncluye referencias bibliográficas y notas al pie de las páginas | ||
| 500 | _aIncluye índice onomástico | ||
| 504 | _aBibliografía : p. 133-136 | ||
| 505 |
_aPreliminar -- _tBreve historia de la oligarquía -- _tTres conferencias sobre el feudalismo -- _tMáximo Gómez: de Monte Cristi a la gloria -- _tBreve historia de los pueblos árabes: arabismo, orientalismo, fuerzas del imperio -- _tJuan Bosch: ensayismo democrático, práctica histórico-política y vertiente cultural -- _tJuan Bosch: narrar el mundo dominicano a través de sus voces -- . _tBibliografía -- _tÍndice onomástico. |
||
| 600 | 1 | 0 |
_a Bosch, Juan, _d1909-2001 _976555 |
| 650 | 1 | 0 |
_aPensamiento crítico _99026 |
| 650 | 1 | 4 |
_aFeudalismo _xHistoria _9256 |
| 650 | 1 | 4 |
_aOligarquía _xHistoria _9257 |
| 651 | 1 | 4 |
_aRepública Dominicana _xHistoria _9170 |
| 942 |
_2ddc _cLBS1 |
||
| 999 |
_c44697 _d44697 |
||